History Quiz

Random History or Year Quiz
Score 0/12 Timer 04:00
1 Play Today
Question Answer Wrong Answers
∴ June ∴
First ever summit between a US President and a leader of this country is held in Singapore.
North Korea
95.2%
Vietnam
1.5%
Myanmar
1%
Timor-Leste
0.4%
∴ May ∴
The wedding of Meghan Markle and this British royal prince is watched by an estimated global audience of 1.9 billion.
Prince Harry
90.9%
Prince William
5.2%
Prince Charles
1.4%
Prince Andrew
1%
∴ November ∴
World celebrates 100 years from the end of this historic event.
World War I
83.8%
World War II
7.1%
Great Depression
3.6%
Industrial revolution
2.8%
∴ February ∴
XXIII Olympic Winter Games are held in this Asian country.
South Korea
80.2%
North Korea
8.7%
China
6.3%
Japan
4.6%
∴ December ∴
Gilets jaunes (yellow vests) protest turns into a violent riot in this European capital.
Paris
80.2%
Berlin
5.4%
Athens
4.9%
Madrid
6.5%
∴ August ∴
This company becomes the world's first public company to achieve a market capitalization of $1 trillion.
Apple Inc.
78.5%
Exxon Mobil
6.8%
Toyota Motor
1.5%
Alibaba Group
11%
∴ March ∴
The world's last male specimen dies in Kenya, making this subspecies functionally extinct.
Northern white rhinoceros
78%
Lesser capybara
2.1%
Pygmy hippopotamus
16.1%
North African boar
3%
∴ July ∴
The 2018 FIFA World Cup is won by this nation.
France
74.9%
Croatia
10.6%
England
4.9%
Belgium
7.7%
∴ January ∴
This natural phenomenon appears for the first time since 1983.
Blue Moon Eclipse
73.4%
Martian Gamma-Ray Burst
7.2%
Halley's Comet Sighting
15.3%
Uranus Asteroid Rain
3.9%
∴ October ∴
This country legalizes the sale and use of cannabis, becoming the second to do so, after Uruguay did it in 2013.
Canada
69.9%
United States
8.8%
Paraguay
9.9%
Colombia
8.9%
∴ September ∴
A fire destroys the National Museum of Brazil in this city.
Rio de Janeiro
55.8%
Brasilia
32.6%
Belo Horizonte
4.3%
Porto Allegre
4.8%
∴ April ∴
Cinemas open in Saudi Arabia for the first time since 1983 with this movie chosen to screen first.
Black Panther
45.2%
Crazy Rich Asians
20.8%
Ocean's 8
7.6%
Life of Pi
25.1%
Remove Ads.
Support Sporcle.
Get the best of Sporcle when you Go Orange. This ad-free experience offers more features, more stats, and more fun while also helping to support Sporcle. Thank you for becoming a member.

You're not logged in!

Compare scores with friends on all Sporcle quizzes.
OR
Log In

Show Comments

Extras

Top Quizzes Today


Score Distribution

Your Account Isn't Verified!

In order to create a playlist on Sporcle, you need to verify the email address you used during registration. Go to your Sporcle Settings to finish the process.

Report this User

Report this user for behavior that violates our Community Guidelines.

Details: